| 000 -LEADER |
| fixed length control field |
00419nam a22001457a 4500 |
| 008 - FIXED-LENGTH DATA ELEMENTS--GENERAL INFORMATION |
| fixed length control field |
200220b ||||| |||| 00| 0 eng d |
| 082 00 - DEWEY DECIMAL CLASSIFICATION NUMBER |
| Classification number |
621.433 |
| Item number |
W461 |
| 100 ## - MAIN ENTRY--PERSONAL NAME |
| 9 (RLIN) |
1875 |
| Personal name |
Welsh, R. J. |
| 245 10 - TITLE STATEMENT |
| Title |
Gas turbines for industrial power: an introduction for the perspective user |
| 260 ## - PUBLICATION, DISTRIBUTION, ETC. (IMPRINT) |
| Place of publication, distribution, etc |
London |
| Name of publisher, distributor, etc |
Technical Press Ltd. |
| Date of publication, distribution, etc |
1950 |
| 300 ## - PHYSICAL DESCRIPTION |
| Extent |
vi,50p. |
| 365 ## - TRADE PRICE |
| Unit of pricing |
6.020 |
| 650 #0 - SUBJECT ADDED ENTRY--TOPICAL TERM |
| Topical term or geographic name as entry element |
Gas Turbines |
| 942 ## - ADDED ENTRY ELEMENTS (KOHA) |
| Item type |
Books |